01289 a2200181 45000010006000000050017000060080041000230030015000640400040000790800055001192450078001740200022002522640051002743000019003255050730003440410008010741000025010826249120260407155918.0260407a1992 arg spa dAR-UNSa-BCEJYS aAR-UNSa-BCEJYSbspacAR-UNSa-BCEJYS a351.712xObras públicas. Contratos, contratantes10aLa iniciativa privada en la concesión de obra y de servicios públicos a978-950-569-038-1 1aBuenos Aires :bAbaco de Rodolfo Depalmac1992 a196 p.c23 cm. a 1. Introducción - 2. La concesión de obra pública y la nueva legislación – 3. Régimen legal – 4. Concesión de obra pública y concesión de servicios públicos – 5. El interés público comprometido – 6. Requisitos que debe contener una iniciativa particular – 7. Procedimiento de selección del concesionario – 8. Derechos del autor de la iniciativa declarada de interés público – 9. Convocatoria a presentación de iniciativas privadas – 10. Breves comentarios a la legislación de la Provincia de Buenos Aires – 11. Breves comentarios a la legislación de la provincia de Mendoza – 12. La concesión por iniciativa privada en el derecho extranjero. El caso de la ley chilena. aspa1 aMertehikian, Eduardo